000 00667nam a2200205 a 4500
001 38082
005 20230414123611.0
008 140415s2000 mx 000 0 spa d
020 _a9701028937
041 _aspa
082 _a616.89
_bPSI
245 0 0 _aPSIQUIATRIA CLINICA
250 _a1a ed.
260 _aMEXICO :
_bMCGRAW-HILL INTERAMERICANA EDITORES,
_c2000
300 _a356
_cx 18 x 26
520 _aESTE LIBRO DESCRIBE LAS CAUSAS , MANIFESTACIONES CLÍNICAS,LEL DIAGNÓSTICO Y TRATAMIENTO DE LAS PRINCIPALES ENFERMEDADES PSIQUIATRICAS
650 1 4 _aPSIQUIATRIA
700 1 _aAGUILAR O., MARIA TERESA
_etr.
740 _aINTRODUCTION TO CLINICAL PSYCHIATRY
999 _c38082
_d38082